LORA DI CRISTO (Registro nro. 46746)
[ vista simple ]
| 000 -LEADER | |
|---|---|
| fixed length control field | 00825nam a2200193 a 4500 |
| 001 - CONTROL NUMBER | |
| control field | 46746 |
| 005 - DATE AND TIME OF LATEST TRANSACTION | |
| control field | 20180714030434.0 |
| 008 - FIXED-LENGTH DATA ELEMENTS--GENERAL INFORMATION | |
| fixed length control field | 140415s1992 it 000 0 ita d |
| 041 ## - LANGUAGE CODE | |
| Language code of text/sound track or separate title | ita |
| 082 ## - DEWEY DECIMAL CLASSIFICATION NUMBER | |
| Classification number | 195 |
| Item number | OPE |
| 100 1# - MAIN ENTRY--PERSONAL NAME | |
| Personal name | SCIACCA, MICHELE FEDERICO, 1908-1975 |
| 245 10 - TITLE STATEMENT | |
| Title | LORA DI CRISTO |
| 250 ## - EDITION STATEMENT | |
| Edition statement | 1a ed. |
| 260 ## - PUBLICATION, DISTRIBUTION, ETC. | |
| Place of publication, distribution, etc. | ITALIA : |
| Name of publisher, distributor, etc. | LEPOS, |
| Date of publication, distribution, etc. | 1992 |
| 300 ## - PHYSICAL DESCRIPTION | |
| Extent | |
| Dimensions | 14.3 x 2.5 x 22.5 |
| 490 ## - SERIES STATEMENT | |
| Series statement | OPERE DI MICHELE FEDERICO SCIACCA |
| 520 ## - SUMMARY, ETC. | |
| Summary, etc. | QUESTO VOLUME, SCRITTO CONTEMPORANEAMENTE ALLA SECONDA EDIZIONE DE LA FILOSOFIA OGGI,1 HA CON QUEST´OPERA LEGAMI INTRINSECI DI COINCIDENZA IDEALE E NON SOLO CRONOLOGICI; É NATO COME RIFLESSIONE A PARTE, DALLA ESPOSIZIONE CRITICA DEL PENSIERO CONTEMPORANEO. |
| 650 14 - SUBJECT ADDED ENTRY--TOPICAL TERM | |
| Topical term or geographic name entry element | IGLESIA CATOLICA |
| General subdivision | IGLESIA CATOLICA Y PROBLEMAS SOCIALES |
| -- | CRISTANISMO |
| -- | SIGLO XX |
| Withdrawn status | Lost status | Source of classification or shelving scheme | Damaged status | Not for loan | Collection code | Home library | Current library | Shelving location | Date acquired | Source of acquisition | Inventory number | Total Checkouts | Full call number | Barcode | Date last seen | Price effective from | Koha item type |
|---|---|---|---|---|---|---|---|---|---|---|---|---|---|---|---|---|---|
| Dewey Decimal Classification | General | Biblioteca Karol Wojtyla | Biblioteca Karol Wojtyla | Sala general | 03/12/2013 | Compra | 151000000000000000062452 | 195 OPE | 70109 | 05/01/2026 | 03/12/2013 | Libro |